header

The limits of multiculturalism (Record no. 133497)

MARC details
000 -LEADER
fixed length control field 01327nam a2200325Ia 4500
100 1# - MAIN ENTRY--AUTHOR NAME
Personal name Michaelsen, Scott.
245 14 - TITLE STATEMENT
Title The limits of multiculturalism
260 ## - PUBLICATION, DISTRIBUTION, ETC. (IMPRINT)
Place of publication Minneapolis :
Name of publisher University of Minnesota Press,
Year of publication c1999.
300 ## - PHYSICAL DESCRIPTION
Number of Pages xxviii, 245 p.
650 #0 - SUBJECT ADDED ENTRY--TOPICAL TERM
Topical Term Indians of North America
Topical Term Eurocentrism
Topical Term Indianists
Topical Term Anthropology
856 40 - ELECTRONIC LOCATION AND ACCESS
Uniform Resource Identifier http://site.ebrary.com/lib/rucke/Doc?id=10159637

No items available.

© 2026 Rongo University
Contact us: librarian | system librarian | Rongo university